Best-Selling Wii Games - Statistics

General Stats
  • This quiz has been taken 11,423 times
    8,135 since last reset
  • The average score is 9 of 38
Answer Stats
# Game % Correct
81.6m Wii Sports
87%
34.0m Mario Kart Wii
80%
27.6m New Super Mario Bros.
70%
10.8m Super Smash Bros. Brawl
53%
22.7m Wii Fit
53%
31.5m Wii Sports Resort
50%
10.7m Super Mario Galaxy
49%
7.6m Mario Party 8
40%
28.0m Wii Play
40%
6.4m Super Mario Galaxy 2
39%
5.8m The Legend of Zelda: Twilight Princess
36%
3.5m The Legend of Zelda: Skyward Sword
31%
4.3m Just Dance
29%
5.0m Donkey Kong Country Returns
26%
7.1m Mario & Sonic at the Olympic Games
24%
7.9m Wii Party
23%
1.6m Kirby's Epic Yarn
21%
5.0m Just Dance 2
20%
2.7m Wii Music
19%
3.4m Animal Crossing: City Folk
17%
20.5m Wii Fit Plus
16%
2.0m Guitar Hero III: Legends of Rock
15%
2.3m Super Paper Mario
15%
1.8m WarioWare: Smooth Moves
12%
1.9m Resident Evil 4
10%
1.8m Mario Strikers Charged
8%
4.8m Link's Crossbow Training
7%
1.9m Punch-Out!!
7%
2.0m Epic Mickey
6%
2.3m Big Brain Academy: Wii Degree
5%
1.5m Carnival Games
5%
1.9m Monster Hunter Tri
5%
1.5m Mario Sports Mix
4%
2.2m Super Mario All-Stars 25th Anniversary Edition
4%
2.0m Game Party
3%
2.0m Michael Jackson: The Experience
3%
2.0m Deca Sports
2%
1.8m EA Sports Active
1%
No matching quizzes found
Score Distribution
Percent of People with Each Score
Percentile by Number Answered
Your Score History
You have not taken this quiz since the last reset